The handbook for museums /

محفوظ في:

المؤلف الرئيسي: Edson, Gary, 1937- (مؤلف)

مؤلفون آخرون: Dean, David.

التنسيق: كتاب

اللغة: English

منشور في: London ; New York : Routledge, 1996.

سلاسل: Heritage.

الموضوعات:

الوسوم: إضافة وسم

لا توجد وسوم, كن أول من يضع وسما على هذه التسجيلة!

رقم الطلب: AM5 .E37 1996

LEADER 00869namaa2200253 4500
001 11748
003 OSt
005 20240627104822.0
008 930324s1996 enka bf 001 0 eng d
952 |0 0  |1 0  |2 lcc  |4 0  |6 AM0005 E37 01996  |7 1  |9 25240  |a ARCE  |b ARCE  |d 2022-01-25  |l 0  |o AM5 .E37 1996  |p 1038598  |r 2022-01-25 00:00:00  |w 2022-01-25  |y BK 
999 |c 20010  |d 20010 
020 |a 0415099536 
040 |c ARCE Library 
050 4 |a AM5 .E37 1996 
100 1 |a Edson, Gary,  |d 1937-  |e author  |9 29406 
245 1 4 |a The handbook for museums /  |c Gary Edson and David Dean. 
264 1 |a London ;  |a New York :  |b Routledge,  |c 1996. 
300 |a xvi, 302 pages :  |b illustrations ;  |c 25 cm. 
490 0 |a Heritage. 
504 |a Includes bibliographical references (p. 296-299) and index. 
650 0 |a Museums  |x Handbooks, manuals, etc. 
700 1 |a Dean, David. 
901 |a reviewed 
942 |c BK  |2 lcc